Statistiques concernant Verbes en anglais n*2

Cliquez ici pour prendre le quiz!

Statistiques générales

  • Ce quiz a été pris 37 fois
    (25 depuis la dernière actualisation)
  • Le résultat moyen est 8 sur 85

Statistiques - réponses

FrançaisAnglais% Correct
cherchersearch
82%
definirdefine
53%
atteindrereach
53%
nourrirfeed
41%
abandonnergive up
29%
souffrirsuffer
29%
distribuer (les cartes)deal
24%
douterdoubt
24%
abandonnergive up
24%
porter/ transportercarry
18%
craindrefear
18%
faire du stophitchhike
18%
gèrer (diriger)manage
18%
remarquernotice
18%
avoir l'habitude deused to
18%
rassemblergather
12%
rater qqc/ une occasionmiss out
12%
se produire (ex: un problème apparaît)occur
12%
rouillerrust
12%
acquériracquire
6%
avanceradvance
6%
postulerapply for
6%
délirerbabble
6%
en avoir marre debe fed up with
6%
être nul en qqcbe rubbish at
6%
reprocher à qqnblame someone
6%
freinerbraxe
6%
éleverbring up
6%
provoquer (être la cause de)cause
6%
publiercome out
6%
confronter àconfronted by
6%
s'occuper de qqncope with
6%
finir (terminer dans une situation)end up
6%
exploiterexploit
6%
faire face àfaced with
6%
se sentir responsable defeeling responsable of
6%
découvrir par hasard (autre que discover)find out
6%
froncer les sourcilsfrown
6%
obtenirgain
6%
s'entendre avec qquget on with
6%
se retrouverget together
6%
gèrer (s'occuper de)handle
6%
accrocher/ suspenduehang from/ off
6%
rencontrer des difficultéshave a hard time
6%
je m'en veuxi'm mad at myself
6%
augmenter deincrease in
6%
aimerkeen on
6%
couronnerknight
6%
manquer delack of
6%
perdre ses repèreslose one's bearing
6%
réussir à fairemanage to do
6%
gardermind
6%
optez pouropt for
6%
choisir de faireopt to do
6%
déconnecter de la réalitéout of touch
6%
transmettre/ laisser en héritagepass on
6%
fournirprovid
6%
remettre (replacer)put back
6%
repousser/reporterput off
6%
compter surrely on
6%
accélérerspeed up
6%
sauter du litsprang
6%
poignarderstable
6%
réussirsucceed in
6%
tenir de (caractère physique)take after
6%
partir en voyagetake a trip
6%
assumertake on
6%
être fatiguée detired of
6%
baisser le volumeturn down
6%
s'offrir/ se payerafford
0%
changer (modifier)alter
0%
appliquer (qqc sur qqn)apply to
0%
être intriguerbe intrigued
0%
provoquer (déclencher)bring about
0%
prendre des nouvelles decatch up on
0%
imaginercome up with
0%
s'effondrer (bâtiment)crumble
0%
tremperdrenche, soak
0%
se débarrasser deget ride
0%
supporter (accepter)handle
0%
distribuerhand out
0%
ranger (ranger autre part)pack up
0%
remettre (mettre encore)put in again
0%
occuper (la place)take up
0%
se mettre à (hobby)take up
0%

Distribution des résultats

Percentile par nombre de réponses

% des personnes avec chaque résultat

Votre développement - résultats

Vous n’avez pas pris ce quiz depuis la dernière actualisation